000 01046nam a2200301Ia 4500
001 Para_6774
003 CHAP
008 220125s1980 xx 000 0 und d
010 _a205570
040 _cCHAP
082 _aPA 630.5 R6
100 _aRojas Cárdenas, Rodrigo
_999288
245 _aClasificación :
_b objetivo y naturaleza del contenido, produccón y distriibución de las publicaciones del INIA /
_c por Rodrigo Rojas Cárdenas, Miguel Castellanos Mercado y José Fonseca Palmas
260 _aMéxico :
_b INIA
300 _a80 p.
650 7 _aAgricultura
_xPublicaciones periódicas
_2
_91772
650 _aMéxico
_x publicaciones oficiales
_9171613
700 _aCastellanos Mercado, Miguel
_920010
700 _aFonseca Palmas, José
_9171614
710 _aInstituto Nacional de Investigaciones Agrícolas (México)
_959316
901 _aPA 630.5 R6
902 _aA
905 _a0000001980 0000000000 00
910 _a1980
942 _cPARA
942 _cPARA
_d1
999 _c205570
_d205570